000
00210nam a2200097Ia 4500
008
191206s9999 xx 000 0 und d
020
_a
9.78027E+12
090
_a
HD31.ROB
245
0
_a
Management
260
_c
c2013
999
_c
16401
_d
16401